Calciatori del Bayern Monaco nel FIFA FIFPro World XI - Statistics

Statistiche generali
  • Questo quiz è stato fatto 8 volte
  • Il punteggio medio è 8 su 10
Statistiche sulle risposte
Numero apparizion Edizioni apparizioni Nazione Calciatore % Corretto
4 2013; 2014; 2015; 2013 Germania Manuel Neuer
100%
1 2020 Canada Alphonso Davies
88%
1 2013 Francia Franck Ribéry
88%
2 2020; 2021 Polonia Robert Lewandowski
88%
1 2017 Germania Toni Kroos
88%
1 2014 Paesi Bassi Arjen Robben
75%
1 2021 Austria David Alaba
75%
1 2020 Germania Joshua Kimmich
75%
2 2013; 2014 Germania Philipp Lahm
75%
1 2020 Spagna Thiago Alcántara
50%
Nessun quiz corrispondente trovato
Distribuzione punteggi
Percentuale di utenti per punteggio
Percentile per numero di risposta
I tuoi punteggi nel tempo
Non hai fatto questo quiz